Regióny Slovenska [Bratislavský, Trnavský, Trenčiansky, Nitriansky, Žilinský, Banskobystrický, Prešovský, Košický

Bibliographic Details
Main Author: Dzianová, Oľga (Author)
Format: Book
Language:Slovak
English
PhysicalDescription:108 s. fareb. fotogr., grafy, mp., tab. 30 cm
Published: Bratislava Štatistický úrad Slovenskej republiky Veda 2009
ISBN:9788089358267
Edition:[1. vyd.]
Subjects:

MARC

LEADER 00000nam a2200000 a 4500
001 vtls010034844
003 SK-MaSNL
005 20260426012130.0
008 180730s2009 xo odblf 000 0 slo
015 |a SNBA2010/03-01483 
020 |a 9788089358267  |q (brož.) 
035 |a 16A5A513-5E5C-45B5-84E7-3A485689927B 
035 |a urn:nbn:sk:snk-amjwlq 
035 |a urn:nbn:sk:snk-am007zdk 
040 |a SNK  |b slo  |c SNK  |e AACR2 
041 0 |a slo  |a eng 
043 |a e-xo--- 
044 |a xo  |c SK 
072 7 |a 332  |x Regionálna ekonómia, regionálna ekonomika  |2 konspekt 
080 |a 332.055.2  |2 2001 
080 |a 332  |2 2001 
080 |a 332.14  |2 2001 
080 |a (437.6)  |2 2001 
080 |a (048.8)  |2 2001 
245 0 0 |a Regióny Slovenska  |b [Bratislavský, Trnavský, Trenčiansky, Nitriansky, Žilinský, Banskobystrický, Prešovský, Košický  |c spracovali: Oľga Dzianová ... [et al.]] 
246 1 1 |a Regions of Slovakia 
250 |a [1. vyd.] 
260 |a Bratislava  |b Štatistický úrad Slovenskej republiky  |b Veda  |c 2009 
300 |a 108 s.  |b fareb. fotogr., grafy, mp., tab.  |c 30 cm 
500 |a Súbež. text angl. Skrat. Vysvetl. 
650 0 7 |a regionálny rozvoj  |2 SNKPH  |9 2352 
650 0 7 |a regionálna ekonomika  |2 SNKPH  |9 2349 
650 0 7 |a regionálna politika  |2 SNKPH  |9 2351 
650 0 7 |a Regional development  |2 SNKPHeng  |9 98197 
650 0 7 |a Regional economics  |2 SNKPHeng  |9 276088 
650 0 7 |a Regional policy  |2 SNKPHeng  |9 315259 
651 7 |a Slovensko  |2 SNKPH  |9 14231 
651 7 |a Slovakia  |2 SNKPHeng  |9 92630 
655 7 |a prehľady  |2 SNKPH  |9 70194 
655 7 |a Surveys  |2 SNKPHeng  |9 266058 
700 1 |a Dzianová, Oľga  |4 aut  |9 661041 
919 |a 978-80-89358-26-7 
968 |d 33 
999 |c 1089821  |d 1091751 
952 |a SNK  |b SNK  |y PREZ  |7 0  |p 17A0640850  |o snkSB 78782  |i snk2009/22911  |8 0  |0 0  |1 0  |4 0  |d 2009-12-29  |f 1  |l 0  |r 2025-04-29 00:00:00  |w 2026-02-24 
952 |a SNK  |b SNK  |y VYP  |7 0  |p 17A0640851  |o snkSB 78782 D1  |i snk2009/22913  |8 0  |0 0  |1 0  |4 0  |d 2009-12-29  |l 0  |r 2016-06-30 00:00:00  |w 2026-02-24